MARC

LEADER 00000nam0a2200000 4500
001 338538
005 20231102005046.0
035 |a (RuTPU)RU\TPU\book\365039 
090 |a 338538 
100 |a 20171127d1914 km y0rusy50 ca 
101 0 |a rus 
102 |a UA 
105 |a a z 001zy 
200 1 |a Основы метеорологии  |f А. В. Клоссовский 
205 |a 2-е изд., перераб. и доп. 
210 |a Одесса  |c Матезис  |d 1914 
215 |a 511 с.  |c ил. 
320 |a Предм. указ.: с. 505-511 
606 1 |a Метеорология  |2 stltpush  |3 (RuTPU)RU\TPU\subj\43458  |9 62957 
610 1 |a атмосфера 
610 1 |a состав 
610 1 |a физические свойства 
610 1 |a солнечная радиация 
610 1 |a солнечная энергия 
610 1 |a земная кора 
610 1 |a тепловое состояние 
610 1 |a воздух 
610 1 |a давление 
610 1 |a влажность 
610 1 |a гидрометеоры 
610 1 |a погода 
610 1 |a предсказание 
610 1 |a метеорологическая оптика 
610 1 |a океанография 
610 1 |a земной магнетизм 
610 1 |a земное электричество 
675 |a 551.5  |v 4 
700 1 |a Клоссовский  |b А. В.  |c российский метеоролог, член-корреспондент Петербургской Академии Наук  |f 1846-1917  |g Александр Викентьевич  |2 stltpush  |3 (RuTPU)RU\TPU\pers\32962  |9 16810 
801 1 |a RU  |b 63413507  |c 20171127 
801 2 |a RU  |b 63413507  |c 20180319  |g RCR 
942 |c BK